[Event "Chigorin Memorial 26th"]
[Site "St Petersburg"]
[Date "2018.10.27"]
[Round "1"]
[White "Popov, Ivan1111"]
[Black "Don, Aleksandr"]
[Result "1-0"]
[WhiteElo "2611"]
[BlackElo "2086"]
[PlyCount "57"]
[EventDate "2018.10.27"]
[EventType "swiss"]
[EventRounds "9"]
[EventCountry "RUS"]
[SourceTitle "CBM 187 Extra"]
[Source "ChessBase"]
[SourceDate "2018.11.04"]
[SourceVersion "1"]
[SourceVersionDate "2018.11.04"]
[SourceQuality "1"]

1. e4 c5 2. Nf3 Nc6 3. d4 cxd4 4. Nxd4 e6 5. Nc3 Nf6 6. Nxc6 bxc6 7. e5 Nd5 8. Ne4 Qc7 9. f4 Qb6 10. c4 Ne3 11. Qd3 Bb4+ 12. Bd2 Rb8 13. Nc3 Bxc3 14. Bxc3 Ba6 15. Qe4 Nxf1 16. Rxf1 c5 17. 0-0-0 Bb7 18. Qe2 Qc6 19. Qd3 0-0 20. Rf2 Qa4 21. b3 Qa3+ 22. Kb1 Bc6 23. f5 exf5 24. Bb2 Qb4 25. Rxf5 a5 26. Rh5 g6 27. Rh6 a4 28. e6 axb3 29. a3 1-0

[Event "Chigorin Memorial 25th"]
[Site "St Petersburg"]
[Date "2017.10.28"]
[Round "8"]
[White "Don, Aleksandr"]
[Black "Astakhov, Dmitrii"]
[Result "1-0"]
[WhiteElo "1793"]
[BlackElo "1490"]
[PlyCount "43"]
[EventDate "2017.10.21"]
[EventType "swiss"]
[EventRounds "9"]
[EventCountry "RUS"]
[SourceTitle "CBM 181 Extra"]
[Source "ChessBase"]
[SourceDate "2017.12.12"]
[SourceVersion "1"]
[SourceVersionDate "2017.12.12"]
[SourceQuality "1"]

1. d4 d5 2. c4 c6 3. e3 Nf6 4. Nc3 a6 5. Nf3 b5 6. cxd5 cxd5 7. Ne5 e6 8. Bd3 Nbd7 9. f4 Nxe5 10. fxe5 Nd7 11. 0-0 Bb4 12. Qh5 g6 13. Qh6 Bf8 14. Qf4 Qe7 15. e4 Bb7 16. exd5 Bxd5 17. Nxd5 exd5 18. Bd2 h5 19. e6 fxe6 20. Bxg6+ Kd8 21. Ba5+ Nb6 22. Bxb6+ 1-0

[Event "Chigorin Memorial 25th"]
[Site "St Petersburg"]
[Date "2017.10.24"]
[Round "4"]
[White "Savinov, Leonid"]
[Black "Don, Aleksandr"]
[Result "1-0"]
[WhiteElo "2035"]
[BlackElo "1793"]
[PlyCount "89"]
[EventDate "2017.10.21"]
[EventType "swiss"]
[EventRounds "9"]
[EventCountry "RUS"]
[SourceTitle "CBM 181 Extra"]
[Source "ChessBase"]
[SourceDate "2017.12.12"]
[SourceVersion "1"]
[SourceVersionDate "2017.12.12"]
[SourceQuality "1"]

1. e4 c5 2. Nf3 e6 3. d4 cxd4 4. Nxd4 Nf6 5. Bd3 Nc6 6. Nxc6 bxc6 7. 0-0 d5 8. Nd2 Be7 9. Qe2 0-0 10. c4 Qb6 11. e5 Nd7 12. Nf3 Nc5 13. Be3 Qd8 14. Bxc5 Bxc5 15. cxd5 cxd5 16. Bxh7+ Kxh7 17. Qc2+ Kg8 18. Qxc5 Ba6 19. Rfc1 Qb6 20. Qxb6 axb6 21. Nd4 Rfc8 22. b3 Kf8 23. f4 Ke7 24. Kf2 Kd7 25. Ke3 Rc5 26. Kd2 Rh8 27. Nf3 Bb7 28. Rxc5 bxc5 29. Rc1 d4 30. Rxc5 Bxf3 31. gxf3 Rxh2+ 32. Kd3 Rxa2 33. Kxd4 Rd2+ 34. Ke3 Rb2 35. Rc3 Rb1 36. Rd3+ Kc6 37. f5 exf5 38. Kf4 Kc5 39. Kxf5 Kb4 40. Rd7 Rxb3 41. f4 g6+ 42. Kg4 Re3 43. Rxf7 Kc5 44. Rf6 Kd5 45. Rxg6 1-0

[Event "Chigorin Memorial 25th"]
[Site "St Petersburg"]
[Date "2017.10.21"]
[Round "1"]
[White "Don, Aleksandr"]
[Black "Evdokimov, Alexey"]
[Result "0-1"]
[WhiteElo "1793"]
[BlackElo "2280"]
[PlyCount "134"]
[EventDate "2017.10.21"]
[EventType "swiss"]
[EventRounds "9"]
[EventCountry "RUS"]
[SourceTitle "CBM 181 Extra"]
[Source "ChessBase"]
[SourceDate "2017.12.12"]
[SourceVersion "1"]
[SourceVersionDate "2017.12.12"]
[SourceQuality "1"]

1. d4 Nf6 2. c4 g6 3. Nc3 Bg7 4. e4 0-0 5. Be2 d6 6. g4 c5 7. d5 e6 8. g5 Ne8 9. h4 exd5 10. Nxd5 Nc6 11. Nf3 Nc7 12. h5 Re8 13. hxg6 hxg6 14. Rh4 Ne6 15. Qd3 a6 16. a4 Rb8 17. Bd2 Ncd4 18. Bc3 Nxg5 19. Nxd4 cxd4 20. Bxd4 Nf3+ 21. Bxf3 Qxh4 22. Bxg7 Kxg7 23. Qd4+ f6 24. 0-0-0 Be6 25. Ne3 Qf4 26. Be2 Bf7 27. Bd3 Qe5 28. Qb6 Qc5 29. Qxc5 dxc5 30. Rg1 Rbd8 31. Kc2 Rh8 32. Kc3 Rh2 33. f4 Rh3 34. Nd5 Bxd5 35. exd5 Kf7 36. Kc2 f5 37. a5 Re8 38. Rd1 Rf3 39. Kc3 Rxf4 40. b4 cxb4+ 41. Kxb4 Ke7 42. Kc5 Rf2 43. Rh1 Rc8+ 44. Kd4 Rf4+ 45. Ke5 Rf3 46. Rh7+ Ke8 47. Rh8+ Kd7 48. Rh7+ Kd8 49. Kd6 Rc6+ 50. dxc6 Rxd3+ 51. Kc5 bxc6 52. Kxc6 f4 53. c5 f3 54. Kb7 g5 55. Rh8+ Ke7 56. c6 f2 57. Rh1 Rb3+ 58. Kxa6 Kd6 59. Rh6+ Kc7 60. Rf6 Rb2 61. Ka7 g4 62. a6 g3 63. Ka8 g2 64. a7 g1Q 65. Rf7+ Kd6 66. Rd7+ Ke6 67. Rb7 Rc2 0-1

[Event "Chigorin Memorial 24th"]
[Site "St Petersburg"]
[Date "2016.10.23"]
[Round "9"]
[White "Rozycki, Bartlomiej"]
[Black "Don, Aleksandr"]
[Result "1/2-1/2"]
[WhiteElo "2170"]
[BlackElo "1856"]
[PlyCount "207"]
[EventDate "2016.10.15"]
[EventType "swiss"]
[EventRounds "9"]
[EventCountry "RUS"]
[SourceTitle "CBM 175 Extra"]
[Source "ChessBase"]
[SourceDate "2016.12.12"]
[SourceVersion "1"]
[SourceVersionDate "2016.12.12"]
[SourceQuality "1"]

1. d4 d5 2. c4 e6 3. Nc3 Nf6 4. cxd5 exd5 5. Bg5 Be7 6. Qc2 0-0 7. e3 Be6 8. Bd3 Nbd7 9. Nge2 Rc8 10. 0-0 c5 11. dxc5 Nxc5 12. Bxf6 Bxf6 13. Bxh7+ Kh8 14. Bf5 Qd7 15. Bxe6 fxe6 16. Nf4 Kg8 17. Rfd1 Qf7 18. Qd2 g5 19. Nfe2 b5 20. f3 b4 21. Nb5 Rb8 22. Nbd4 Rfc8 23. Rac1 a5 24. Rc2 Qd7 25. Rdc1 Na4 26. b3 Nb6 27. Qd3 e5 28. Nc6 Ra8 29. Nxe5 Bxe5 30. Qg6+ Qg7 31. Qxb6 Rxc2 32. Rxc2 Bxh2+ 33. Kf2 g4 34. Qe6+ Kh7 35. Qf5+ Qg6 36. Qxg6+ Kxg6 37. g3 a4 38. Nf4+ Kf5 39. bxa4 Rxa4 40. Kg2 gxf3+ 41. Kxf3 Bxg3 42. Kxg3 d4 43. Rb2 Ke4 44. exd4 Ra3+ 45. Kg4 Kxd4 46. Rxb4+ Kc3 47. Nd5+ Kc2 48. Rc4+ Kd3 49. Rc8 Kd4 50. Nb4 Ra4 51. a3 Ke5 52. Rc3 Kd4 53. Rc6 Rxa3 54. Nc2+ Kd5 55. Rc8 Ra4+ 56. Kf5 Kd6 57. Rd8+ Kc7 58. Rd3 Ra5+ 59. Ke6 Rh5 60. Rc3+ Kb7 61. Nb4 Rh6+ 62. Kd5 Rh5+ 63. Kd6 Rh6+ 64. Kc5 Kc7 65. Re3 Kd7 66. Nd5 Rc6+ 67. Kd4 Rc1 68. Nb6+ Kc6 69. Re6+ Kb7 70. Nc4 Kc7 71. Rh6 Kd7 72. Nb6+ Ke7 73. Nd5+ Kf7 74. Nc3 Ra1 75. Ke5 Kg7 76. Rb6 Rh1 77. Ne4 Rh5+ 78. Kf4 Rh4+ 79. Kf5 Rh1 80. Rb7+ Kh6 81. Ng3 Ra1 82. Rb6+ Kh7 83. Kg5 Rg1 84. Rb7+ Kg8 85. Kf4 Ra1 86. Nf5 Ra4+ 87. Ke5 Ra5+ 88. Ke6 Ra6+ 89. Nd6 Ra1 90. Kf6 Ra6 91. Rd7 Ra1 92. Ne4 Ra6+ 93. Kf5 Kf8 94. Nc5 Ra1 95. Ne6+ Ke8 96. Rc7 Ra5+ 97. Nc5 Kd8 98. Rc6 Ke7 99. Ke5 Kf7 100. Ke4 Ra1 101. Nd3 Ke7 102. Rb6 Ra5 103. Ne5 Ra1 104. Ng6+ 1/2-1/2

[Event "Chigorin Memorial 24th"]
[Site "St Petersburg"]
[Date "2016.10.22"]
[Round "8"]
[White "Don, Aleksandr"]
[Black "Shkuratov, Vladimir"]
[Result "1-0"]
[WhiteElo "1856"]
[BlackElo "1681"]
[PlyCount "89"]
[EventDate "2016.10.15"]
[EventType "swiss"]
[EventRounds "9"]
[EventCountry "RUS"]
[SourceTitle "CBM 175 Extra"]
[Source "ChessBase"]
[SourceDate "2016.12.12"]
[SourceVersion "1"]
[SourceVersionDate "2016.12.12"]
[SourceQuality "1"]

1. d4 Nf6 2. c4 e6 3. Nf3 d5 4. Nc3 c6 5. cxd5 exd5 6. Bg5 Nbd7 7. e3 Be7 8. Bd3 h6 9. Bh4 0-0 10. Qc2 Re8 11. Bg3 c5 12. 0-0 c4 13. Bf5 Nf8 14. Rfe1 Nh5 15. Be5 Bf6 16. Rad1 g6 17. Bxc8 Rxc8 18. e4 dxe4 19. Nxe4 Rc6 20. d5 Rb6 21. Bxf6 Nxf6 22. Nxf6+ Rxf6 23. Rxe8 Qxe8 24. Qxc4 Nd7 25. d6 g5 26. h3 Rf4 27. Qc7 g4 28. Re1 Re4 29. Rxe4 Qxe4 30. Qxd7 Qb1+ 31. Kh2 gxf3 32. Qe8+ Kg7 33. Qe5+ Kh7 34. gxf3 Qf1 35. Qd4 Qc1 36. Qe4+ Kg7 37. Qe5+ Kh7 38. d7 Qd2 39. Qf5+ Kg7 40. Kg2 b5 41. Qe5+ Kh7 42. Qe7 Qxb2 43. Qxf7+ Qg7+ 44. Qxg7+ Kxg7 45. d8Q 1-0

[Event "Chigorin Memorial 24th"]
[Site "St Petersburg"]
[Date "2016.10.19"]
[Round "5"]
[White "Feduk, Viktor"]
[Black "Don, Aleksandr"]
[Result "1-0"]
[WhiteElo "2150"]
[BlackElo "1856"]
[PlyCount "59"]
[EventDate "2016.10.15"]
[EventType "swiss"]
[EventRounds "9"]
[EventCountry "RUS"]
[SourceTitle "CBM 175 Extra"]
[Source "ChessBase"]
[SourceDate "2016.12.12"]
[SourceVersion "1"]
[SourceVersionDate "2016.12.12"]
[SourceQuality "1"]

1. e4 c5 2. c3 e6 3. d4 d5 4. exd5 exd5 5. Nf3 Nc6 6. Bb5 Bd6 7. 0-0 Nge7 8. dxc5 Bxc5 9. Nbd2 0-0 10. Nb3 Bb6 11. Re1 h6 12. Be3 Be6 13. Nc5 Nf5 14. Nxe6 fxe6 15. Bxb6 Qxb6 16. Bxc6 Qxc6 17. Re5 Rf6 18. Qe2 g6 19. Re1 Re8 20. g4 Ng7 21. g5 hxg5 22. Rxg5 Ref8 23. Ne5 Qe8 24. Qg4 Kh7 25. Re3 Nh5 26. Nxg6 Qxg6 27. Rxh5+ Kg7 28. Rg5 Kf7 29. Rxg6 Rxg6 30. Rf3+ 1-0

[Event "Chigorin Memorial 24th"]
[Site "St Petersburg"]
[Date "2016.10.18"]
[Round "4"]
[White "Don, Aleksandr"]
[Black "Avalyan, Artur"]
[Result "1-0"]
[WhiteElo "1856"]
[BlackElo "2138"]
[PlyCount "77"]
[EventDate "2016.10.15"]
[EventType "swiss"]
[EventRounds "9"]
[EventCountry "RUS"]
[SourceTitle "CBM 175 Extra"]
[Source "ChessBase"]
[SourceDate "2016.12.12"]
[SourceVersion "1"]
[SourceVersionDate "2016.12.12"]
[SourceQuality "1"]

1. d4 Nf6 2. c4 e6 3. Nf3 d5 4. Nc3 Be7 5. cxd5 exd5 6. Bg5 c6 7. e3 Bf5 8. Bd3 Bxd3 9. Qxd3 0-0 10. 0-0 Nbd7 11. Nd2 Bd6 12. f3 Qc7 13. g3 Nh5 14. Bh4 h6 15. f4 f5 16. Nf3 Rae8 17. Ne5 Bxe5 18. fxe5 g5 19. g4 fxg4 20. Qg6+ Ng7 21. Bg3 Re6 22. Qc2 Qd8 23. e4 Nb6 24. exd5 cxd5 25. a4 Rxf1+ 26. Rxf1 h5 27. Be1 Nc4 28. Qf2 Na5 29. Qf7+ Kh7 30. Rf6 Qe8 31. Nxd5 Nc6 32. Bc3 Nd8 33. Qc7 Kh8 34. a5 a6 35. Bb4 Qc6 36. Qxd8+ Kh7 37. Bf8 Re8 38. Qc7 Rxf8 39. Rxc6 1-0